000 00553nam a2200181Ia 4500
003 IN-BaIIA
008 211028s9999 xx 000 0 eng d
040 _cIIA Library
080 _a5(091)
_bBOS
100 _aBose, D. M.
_910349
245 2 _aA concise history of science in India
_cD. M. Bose
260 _aNew Delhi
_bIndian National Science Academy
_c1971
300 _axvii, 689p.
650 _aHistory-science
_92468
650 _aNASA Thesaurus
650 _aScience-history
_92970
942 _cBK
999 _c5966
_d5966